| 000 | 01794nam0a2200361 4500 | ||
|---|---|---|---|
| 001 | RU\NLR\bibl\115962 | ||
| 005 | 20250617094415.0 | ||
| 010 |
_a5-225-00928-X _95000 |
||
| 021 |
_aRU _b2000-26912 _91268 |
||
| 035 | _a(NLR Aleph) 000113552 | ||
| 090 |
_a644814 _c644814 |
||
| 100 | _a20001102d2000 |||y0rusy50 ca | ||
| 101 | 0 | _arus | |
| 102 | _aRU | ||
| 105 | _aa ||||||||| | ||
| 200 | 1 |
_aХирургическая стоматология _eУчеб. для студентов стоматол. фак. мед. вузов _f[Т.Г. Робустова, И.С. Карапетян, И.Ф. Ромачева и др.] _gПод ред. проф. Т.Г. Робустовой |
|
| 205 | _a2-е изд., перераб. и доп. | ||
| 210 |
_aМ. _cМедицина _d2000 |
||
| 215 |
_a687, [1] с. _cил. _d22 |
||
| 225 | 1 |
_aУчебная литература для студентов медицинских вузов _iСтоматологический факультет |
|
| 320 | _aПредм. указ.: с. 680-684 | ||
| 606 | 0 |
_aОперативная стоматология _jРуководства, пособия и т.п. _9976686 _3RU\NLR\auth\6648347 |
|
| 606 | 0 |
_aОперативная стоматология _jУчебные издания для высшей школы _9976686 _3RU\NLR\auth\6648347 |
|
| 686 | _aР665я73 | ||
| 701 | 1 |
_aРобустова _bТ. Г. _gТатьяна Григорьевна _4070 |
|
| 701 | 1 |
_aКарапетян _bИ. С. _gИгорь Семенович _4070 |
|
| 701 | 1 |
_aРомачева _bИ. Ф. _gИрина Федоровна _4070 |
|
| 801 | 0 |
_aRU _bNLR _c20001102 _gPSBO |
|
| 801 | 1 |
_aRU _bNLR _c20001102 |
|
| 852 |
_aNLR _j2000-5/3456 |
||
| 942 | _cBOOK | ||
| 980 | _aNB | ||